|
|
|
|
| LEADER |
02420nam a22004935i 4500 |
| 001 |
978-1-4939-1853-9 |
| 003 |
DE-He213 |
| 005 |
20151204162207.0 |
| 007 |
cr nn 008mamaa |
| 008 |
141119s2015 xxu| s |||| 0|eng d |
| 020 |
|
|
|a 9781493918539
|9 978-1-4939-1853-9
|
| 024 |
7 |
|
|a 10.1007/978-1-4939-1853-9
|2 doi
|
| 040 |
|
|
|d GrThAP
|
| 050 |
|
4 |
|a RC86-88.9
|
| 072 |
|
7 |
|a MMKL
|2 bicssc
|
| 072 |
|
7 |
|a MED015000
|2 bisacsh
|
| 082 |
0 |
4 |
|a 616.028
|2 23
|
| 100 |
1 |
|
|a Papadopoulos, John.
|e author.
|
| 245 |
1 |
0 |
|a Pocket Guide to Critical Care Pharmacotherapy
|h [electronic resource] /
|c by John Papadopoulos.
|
| 250 |
|
|
|a 2nd ed. 2015.
|
| 264 |
|
1 |
|a New York, NY :
|b Springer New York :
|b Imprint: Springer,
|c 2015.
|
| 300 |
|
|
|a XVI, 171 p.
|b online resource.
|
| 336 |
|
|
|a text
|b txt
|2 rdacontent
|
| 337 |
|
|
|a computer
|b c
|2 rdamedia
|
| 338 |
|
|
|a online resource
|b cr
|2 rdacarrier
|
| 347 |
|
|
|a text file
|b PDF
|2 rda
|
| 505 |
0 |
|
|a 1. Advance Cardiac Life Support -- 2. Cardiovascular -- 3. Cerebrovascular -- 4. Critical Care -- 5. Dermatology -- 6. Endocrinology -- 7. Gastrointestinal -- 8. Hematology -- 9. Infectious Diseases -- 10. Neurology -- 11. Nutrition -- 12. Psychiatric Disorders -- 13. Pulmonary -- 14. Renal.
|
| 520 |
|
|
|a This is a no-nonsense guide to drug treatment in the intensive care unit. It covers the most commonly encountered conditions and is organized by system. Management of each condition is tersely outlined step-by-step in table format. The book also includes non-drug information that is essential to making informed, evidence-based pharmacotherapy decisions, such as risk scores, scales, and assessment tools. The Second Edition has been revised to reflect the latest critical care practice guidelines and up-to-date drug and non-drug information.
|
| 650 |
|
0 |
|a Pharmacy.
|
| 650 |
|
0 |
|a Medicine.
|
| 650 |
|
0 |
|a Anesthesiology.
|
| 650 |
|
0 |
|a Critical care medicine.
|
| 650 |
|
0 |
|a Respiratory organs
|x Diseases.
|
| 650 |
1 |
4 |
|a Medicine & Public Health.
|
| 650 |
2 |
4 |
|a Intensive / Critical Care Medicine.
|
| 650 |
2 |
4 |
|a Anesthesiology.
|
| 650 |
2 |
4 |
|a Pharmacy.
|
| 650 |
2 |
4 |
|a Pneumology/Respiratory System.
|
| 710 |
2 |
|
|a SpringerLink (Online service)
|
| 773 |
0 |
|
|t Springer eBooks
|
| 776 |
0 |
8 |
|i Printed edition:
|z 9781493918522
|
| 856 |
4 |
0 |
|u http://dx.doi.org/10.1007/978-1-4939-1853-9
|z Full Text via HEAL-Link
|
| 912 |
|
|
|a ZDB-2-SME
|
| 950 |
|
|
|a Medicine (Springer-11650)
|